000 00809cam a2200265 4500
001 D16109
008 090401t1978 xxu||||| |||| 00| 0 eng d
035 _a(Sirsi) u27173
041 _aeng
050 _a333.007
090 _aRICS 1978/25ABE
110 _aRoyal Institution of Chartered Surveyors
_94900
245 _aReview of educational policy: the report of the Special (Review of Educational Policy) Committee.
260 _aLondon
_bRICS
_c1978
300 _a24p. ; 30cm.
350 _a0
520 _aFiled in box 1978/25 ABE. Known as the Brett-Jones Report.
650 _aBRETT-JONES REPORT
650 _aABOUT RICS-RICS MEMBERS
650 _aCAREERS, EDUCATION AND TRAINING
650 _aEXAMINATIONS
700 _aBrett-Jones, A.T.
_xChairman
942 _n0
948 _c04/03/1997
999 _c89063
_d89063